| 000 | 01064cam a22003138i 4500 | ||
|---|---|---|---|
| 999 |
_c48105 _d48105 |
||
| 001 | 18658985 | ||
| 003 | Nust | ||
| 005 | 20170109144827.0 | ||
| 008 | 150615t20162000ilu 000 1 eng | ||
| 010 | _a 2015022862 | ||
| 020 | _a9780755332526 (pbk.) | ||
| 040 |
_aDLC _beng _cDLC _erda |
||
| 042 | _apcc | ||
| 050 | 0 | 0 |
_aPR6063.A395 _bG66 2016 |
| 082 | 0 | 0 |
_a823.914 _bMAN |
| 100 | 1 | _aMansell, Jill. | |
| 245 | 1 | 0 |
_aGood at games / _cJill Mansell. |
| 263 | _a1111 | ||
| 264 | 1 |
_aNaperville, Illinois : _bSourcebooks Landmark, _c2000. |
|
| 300 | _a502p. | ||
| 336 |
_atext _2rdacontent |
||
| 337 |
_aunmediated _2rdamedia |
||
| 338 |
_avolume _2rdacarrier |
||
| 655 | 0 | _aDomestic fiction. | |
| 655 | 7 |
_aLove stories. _2gsafd |
|
| 906 |
_a0 _bvip _corignew _d1 _eecip _f20 _gy-gencatlg |
||
| 942 |
_2ddc _cBK |
||